000 01814nam0a2200409 4500
001 RU\NLR\bibl\1380584
005 20250615193343.0
010 _a978-5-7221-0813-5
_91000
021 _aRU
_b2009-29196
_91749
035 _a(nilc)RSL-KNO-004314438
035 _a(NLR Aleph) 001372674
090 _a1051666
_c1051666
100 _a20090410d2008 |||y0rusy50 ca
101 0 _arus
102 _aRU
105 _aa |||||||||
200 1 _aГород Краснодар в годы Великой Отечественной войны 1941-1945
_f[А. Г. Бурмагин, Ю.Г. Бузун, К.С. Бондарев и др.]
210 _aКраснодар
_cСоветская Кубань
_d2008
215 _a394 с.
_cил., портр., табл., факс.
_d29
300 _a65-летию освобождения города Краснодара от немецко-фашистских захватчиков посвящается
606 1 _aВеликая Отечественная война
_yКраснодар, город
_z1941 - 1945
_92558057
_3RU\NLR\auth\661513338
686 _aТ3(2)722.9-9(2Р-4Кр-2К)я43
_2rubbk
686 _aТ3(2Р-4Кр-2К)722я43
_2rubbk
686 _aЦ35(2)722:(2Р-4Кр-2Краснодар)я43
_2rubbk
686 _aТ3(2)722.9-9(2Р-4Кр-2К)
686 _aЦ35(2)722(2Р-4Кр-2К)
701 1 _aБурмагин
_bА. Г.
_gАлександр Геннадьевич
_4070
701 1 _aБузун
_bЮ. Г.
_gЮрий Григорьевич
_4070
701 1 _aБондарев
_bК. С.
_gКонстантин Степанович
_4070
801 0 _aRU
_bРКП
_c20090410
_grcr
801 1 _aRU
_bРГБ
_c20090410
801 2 _aRU
_bNLR
_c20090615
_grcr
830 _aпо кн
942 _cBOOK
980 _aNB
980 _aNBR